| 000 | 00764cam a22002411 4500 | ||
|---|---|---|---|
| 001 | sa 67000447 | ||
| 003 | DLC | ||
| 005 | 20260227112314.0 | ||
| 008 | 740624s1966 ii a b 000 0 eng | ||
| 010 | _asa 67000447 | ||
| 035 | _a(OCoLC)928152 | ||
| 040 |
_aDLC _cOAU _dOCoLC _dDLC |
||
| 050 | 0 | 0 |
_aLB1028 _b.S9 1966 |
| 100 | 1 | _aSukhia, S. P. | |
| 245 | 1 | 0 |
_aElements of educational research _c[by] S. P. Sukhia, P. V. Mehrotra [and] R. N. Mehrotra. |
| 250 | _a2d [rev.] ed. | ||
| 260 |
_aBombay, _aNew York, _bAllied Publishers _c[1966] |
||
| 300 |
_axv, 361 p. _billus. _c23 cm. |
||
| 504 | _aIncludes bibliographical references. | ||
| 650 | 0 |
_aEducation _xResearch. |
|
| 700 | 1 |
_aMehrotra, P. V., _ejoint author. |
|
| 700 | 1 |
_aMehrotra, R. N., _ejoint author. |
|
| 999 |
_c71992 _d71992 |
||